00283nam a2200121Ia 4500008004100000041001200041082001100053100001800064245002500082260003500107300000700142650001200149221030s9999 xx 000 0 und d aEnglish a105.23 aL. R. Hubbard 4aThe Way to Happiness bNew Era Pub.aCaliforniac2007 a81 aGeneral